Представление документа в формате RUSMARC

ПолеНазваниеЗначение
  Тип записи a
  Библиографический уровень a
001 Контрольный номер RU/CBS_UL/BASE/e854578bd5cd47b6ae54a23d58b659f6
005 Дата корректировки 20260323233401.6
100 Данные общей обработки __
a Данные общей обработки 20260323 ||| 0rusy0189 ca
101 Язык документа 0_
a Язык текста rus
102 Страна публикации __
a Страна публикации RU
200 Заглавие и сведения об ответственности 1_
a Заглавие Слава и драма Русской Америки
e Сведения, относящиеся к заглавию [история Российско-Американской компании]
f Первые сведения об ответственности О. Чагадаева
300 Общие примечания __
a Общие примечания 16+
461 Уровень набора _0
1 2000
a Родина
463 Уровень физической единицы _0
1 2000
a № 7
v С. 10-11 : ил.
1 2101
d 2024
1 001RU/CBS_UL/BASE/6e9108ef9bae4487b971c5f0bdb5f809
606 Тематические рубрики 0_
a Основная рубрика История - Российская империя - 1724-1881 гг.
z Хронологическая подрубрика 1724-1881 гг.
610 Ключевые слова 0_
a Ключевые слова Русская Америка, русские колонисты, географические открытия, краеведение, экспедиции, русские поселения, торговые компании, хронологические даты
686 Индексы других классификаций __
2 Код системы rubbk
a Классификационный индекс 63.3(2)5
700 Автор _1
a Фамилия Чагадаева
b Имя (инициалы) О.
801 Источник записи _0
a Страна RU
b Организация МБУК ЦБС г. Ульяновска
c Дата составления 20260323
g Правила каталогизации RCR
801 Источник записи _1
a Страна RU
b Организация МБУК ЦБС г. Ульяновска
c Дата составления 20260323
g Правила каталогизации RCR
901 Тип документа __
t Тип документа b
w Контрольный № источника RU/CBS_UL/BASE/6e9108ef9bae4487b971c5f0bdb5f809
909 Создатель записи __
a Создатель записи lib1